The epistle to the Romans. (Record no. 5677)

000 -LEADER
fixed length control field 00572nam a2200181 a 4500
001 - CONTROL NUMBER
control field :::00003419$&:&@@
003 - CONTROL NUMBER IDENTIFIER
control field OkBaRHE
005 - DATE AND TIME OF LATEST TRANSACTION
control field 20000607103305.0
008 - FIXED-LENGTH DATA ELEMENTS--GENERAL INFORMATION
fixed length control field s1950 j 000 0 eng u
040 ## - CATALOGING SOURCE
Transcribing agency
100 1# - MAIN ENTRY--PERSONAL NAME
Personal name Brown, David.
245 14 - TITLE STATEMENT
Title The epistle to the Romans.
260 ## - PUBLICATION, DISTRIBUTION, ETC. (IMPRINT)
Place of publication, distribution, etc Edinburgh, UK:EN., :
Name of publisher, distributor, etc T. & T. Clark
Date of publication, distribution, etc 1950
300 ## - PHYSICAL DESCRIPTION
Extent 152 p. ;
Dimensions 19 cm.
650 ## - SUBJECT ADDED ENTRY--TOPICAL TERM
Topical term or geographic name as entry element Bible New Testament Romans
General subdivision Criticism, Interpretation, etc.
942 ## - ADDED ENTRY ELEMENTS (KOHA)
Source of classification or shelving scheme
Koha item type Books
Copies
Not for loan Koha item type Shelving location Withdrawn status Price effective from Damaged status Date acquired Full call number Source of classification or shelving scheme Permanent Location Copy number Date last seen Lost status Barcode
 BooksGeneral Stacks 2010-04-14 2010-04-14BS 2665 .B7R6 RHEMA Bible Training College12018-03-28 3419